| 000 | 01276nam a22003857a 4500 | ||
|---|---|---|---|
| 001 | 0074094 | ||
| 003 | KOHA_MİRAKIL | ||
| 005 | 20260207005207.0 | ||
| 007 | ta | ||
| 008 | 250521b2020 tu |||gr||||#0|||1|eng | | ||
| 020 | _a9786052490419 | ||
| 040 |
_aTR-BiSEU _btur _cTR-BiSEU _erda |
||
| 041 | 0 | _aeng | |
| 044 | _ctu | ||
| 050 |
_aPE1128.S49 _bB53 2020 |
||
| 100 | 1 | _aSewell, Anna. | |
| 245 | 1 |
_aBlack beauty / _cAnna Sewell ; Anna Sewell; editör Aydın Sarıkaya; çizimler Gül Akyol. |
|
| 264 | 1 |
_aEskişehir : _bDorlion Yayınları _c2020 |
|
| 300 | _a64 pages: illustrated; 20 cm. | ||
| 336 |
_ametin _btxt _2rdacontent |
||
| 337 |
_aaracısız _bn _2rdamedia |
||
| 338 |
_acilt _bnc _2rdacarrier |
||
| 490 | 0 | _a | |
| 650 | 0 |
_aEnglish--Reading books. _9143461 |
|
| 650 | 0 |
_aEnglish language--study and teaching. _9143462 |
|
| 650 | 0 |
_aReading book--Beginner. _9143463 |
|
| 650 | 0 |
_aLanguage development--Foreign language study. _9143464 |
|
| 650 | 0 |
_aİngilizce--Okuma kitapları. _9143465 |
|
| 650 | 0 |
_aİngiliz dili--çalışma ve öğretim. _9143466 |
|
| 650 | 0 |
_aOkuma kitabı--Başlangıç. _9143467 |
|
| 650 | 0 |
_aDil geliştirme--Yabancı dil çalışma.. _9143468 |
|
| 830 | 0 |
_a _91620 |
|
| 907 | _aOkuma Kitabı | ||
| 942 |
_2lcc _cBK |
||
| 999 |
_c74848 _d74848 |
||